| 000 | 01001naa a2200241 uc4500 | ||
|---|---|---|---|
| 001 | 726684 | ||
| 005 | 20260506092800.0 | ||
| 008 | 020318s1877 spa | ||
| 035 | _a726684 | ||
| 040 | _ccomduadb | ||
| 041 | _aspa | ||
| 080 | _aFM/ | ||
| 110 | 2 | 0 |
_aCundinamarca (Colombia). Junta General de Beneficiencia _4aut _eaut _9830875 |
| 245 | 1 | 0 | _aJunta Jeneral de Beneficiencia: Informe del presidente al Secretario Jeneral del Estado Soberano de Cundinamarca. 1877. |
| 260 |
_aBogotá : _bImprenta de Echeverria, _c1877. |
||
| 300 | _a45p. (Documento 5 de FM/342) | ||
| 650 |
_aCundinamarca (Colombia). Junta General de Beneficencia - Informes, 1877 _995565 |
||
| 650 |
_aObregón, Juan - Informes _994918 |
||
| 650 |
_aSociedades de beneficencia - Cundinamarca _982742 |
||
| 700 | 1 | 0 |
_aObregon, Juan _4aut _eaut _9343003 |
| 773 | 0 |
_tSentencia del Tribunal Superior de Antioquia en el juicio ejecutivo de Marco A. Ochoa V. contra Rafael A. Velez R. _w726656 _0232586 |
|
| 942 | _cBKCAP | ||
| 999 |
_c233307 _d233307 |
||